| 000 | 01047nam a22002055i 4500 | ||
|---|---|---|---|
| 001 | 154992 | ||
| 003 | ES-MaACL | ||
| 005 | 20251115063310.0 | ||
| 008 | 020322s1856 sp |||| | spa d | ||
| 040 |
_aCAM _bspa _cCAM |
||
| 100 | 1 |
_aGutiérrez de Alba, José María, _d1822-1897 _9127661 |
|
| 245 | 1 | 3 |
_aLa flor de la serranía _b: zarzuela en un acto y en verso / _coriginal de Jose María Gutierrez de Alba ; música de Cristobal Oudrid. |
| 260 |
_aMadrid : _b[s.n.], _c1856 ( _fImprenta de la Compañía general de Impresores y Libreros del Reino) |
||
| 300 |
_a24 p. ; _c20 cm. |
||
| 500 | 1 | _aRepresentada por primera vez en Madrid en el teatro de verano en la noche del 2 de agosto de 1856. | |
| 500 | _aSolo el texto. | ||
| 700 | 0 |
_aOudrid, Cristóbal. _987969 |
|
| 852 |
_aES-MaACL _jF-8550(11) _z-- Enc. pasta española _z-- Firma ms de Gustavo Sáenz Díez, 1877 _q-- Falto de la cub. original _z-- Enc. en un vol. facticio, formando parte de la col. facticia "Teatro español moderno", vol. 2 |
||
| 999 |
_c154992 _d154992 |
||